000 01131cam a2200229 4500
001 WB3804-05
008 020131n2002 000 0 eng u
035 _a(Sirsi) u116576
245 _aLondon's office space is most expensive
260 _c2002
490 _aKing Sturge Press Release
_v 25 January 2002 (1)
520 _aA report from King Sturge claims that offices in London's West End are still the most expensive to occupy in the world. The "Global Industrial and Office Rents Survey" shows that although occupational costs fell 9% in the past six months, prime space still costs $145.98 per sq ft (£102.50 per sq ft). Hong Kong has the second most expensive office space at $122.33 (£85.80) per sq ft. The cheapest office locations of the 58 surveyed were Lille, Strasbourg and Kuala Lumpur. King Sturge web site: http://www.kingsturge.co.uk
590 _aWB
650 _aOFFICE LOCATIONS
650 _aOFFICE SPACE
650 _aKING STURGE
650 _aOFFICE RENTS
650 _aINDUSTRIAL RENTS
650 _aLONDON
690 _aPROPERTY-COMMERCIAL PROPERTY-COMMERCIAL PROPERTY MARKET
942 _n0
999 _c69419
_d69419